Flynn (Record no. 31548)

MARC details
000 -LEADER
fixed length control field 00246nam a2200109Ia 4500
082 ## - DEWEY DECIMAL CLASSIFICATION NUMBER
Classification number 82-3
Item number MCD
100 ## - MAIN ENTRY--AUTHOR NAME
Personal name Mcdonald, Gregory
245 #0 - TITLE STATEMENT
Title Flynn
260 ## - PUBLICATION, DISTRIBUTION, ETC. (IMPRINT)
Place of publication New York
Name of publisher Avon
Year of publication 1977
942 ## - ADDED ENTRY ELEMENTS (KOHA)
Koha item type Books
Holdings
Withdrawn status Lost status Damaged status Not for loan Home library Current library Date acquired Full call number Accession Number Koha item type
        RRII Library RRII Library 16/12/2021 82-3 MCD 12091 Books